Alle Weltmeister - Statistiken

Allgemein
  • Dieses Quiz wurde 60 mal gespielt
  • Das Durchschnittsergebnis liegt bei 22 aus 22
Antwortstatistiken
Jahr Weltmeister % Korrekt
1978 Argentinien
100%
1986 Argentinien
100%
2022 Argentinien
100%
1958 Brasilien
100%
1962 Brasilien
100%
1970 Brasilien
100%
1994 Brasilien
100%
2002 Brasilien
100%
1954 Deutschland
100%
1974 Deutschland
100%
1990 Deutschland
100%
2014 Deutschland
100%
1934 Italien
100%
1938 Italien
100%
1982 Italien
100%
2006 Italien
100%
1998 Frankreich
98%
2018 Frankreich
98%
2010 Spanien
98%
1966 England
95%
1930 Uruguay
95%
1950 Uruguay
95%
Keine übereinstimmenden Quizze gefunden
Verteilung der Resultate
Anzahl Personen mit jedem Resultat
Perzentil nach korrekt beantworteten Fragen
Ihre Resultats-Entwicklung
Sie haben dieses Quiz noch nicht gespielt